000 00849nmc a2200325 a 4500
003 AR-BaBNM
005 20251128204958.0
008 207019s1995 ||||||||||||||000 | spa||
020 _a987-9069-02-1
040 _cAR-BaBNM
100 1 _aBertoni, Lilia Ana
245 1 0 _aAsí empezó nuestra historia
260 _aBuenos Aires
_bGramón-Colihue
_c1995
300 0 _a57 p.
_bil.
490 0 _aUna historia argentina
_vv. 1
504 _aBibliografía p. 57
650 4 _aHISTORIA ARGENTINA
650 4 _aABORIGENES ARGENTINOS
650 4 _aARQUEOLOGIA
650 4 _aCHARRUAS
650 4 _aONAS
650 4 _aQUERANDIES
650 4 _aCHANAES
650 4 _aCOMECHINGONES
700 1 _aRomero, Luis Alberto
700 1 _aMontes, Graciela
_ecolaborador
700 1 _aSchlaen, Carlos
_eilustrador
942 _cBK
998 _cCarmen
999 _c9560
_d9560